000 00830cam a2200265 i 4500
001 25157
003 Mx-PuUPA
005 20250722122316.0
008 140415s1999 mx gr 000 0 spa d
020 _a950126128X
040 _aMx-PuUPA
_bspa
_cMx-PuUPA
_dMx-PuUPA
_erda
041 0 _aspa
100 1 _aPadovani, Ana
_eautor
245 1 0 _aContar cuentos :
_bdesde la práctica hacia la teoría /
_cAna Padovani
250 _a1a. edición
264 1 _aMéxico, D.F. :
_bEditorial Paidós Mexicana,
_c©1999
300 _a203 páginas ;
_e22 cm
336 _2rdacontent
_atexto
_btxt
337 _2rdamedia
_asin medio
_bn
338 _2rdacarrier
_avolumen
_bnc
650 7 _2armarc
_913986
942 _2ddc
_cLI
_hxx
_ixx
999 _c25157
_d25157